Perspectives on First Peter /

Bibliographic Details
Other Authors: Talbert, Charles H.
Format: Book
Language:English
Published: Macon, Ga. : Mercer University Press, [1986]
Series:NABPR special studies series ; no. 9.
Subjects:

MARC

Tag First Indicator Second Indicator Subfields
LEADER 00000pam a2200000 a 4500
001 in00000433579
005 20151012072638.0
008 860407s1986 gau b 00000 eng
010 |a  86008772  
020 |a 0865541981 (alk. paper) :  |c $15.95 
035 |a (OCoLC)13498929 
035 |9 ABW9409AM 
040 |a DLC  |c DLC  |d TXA  |d UtOrBLW 
049 |a TXAM  |c [A09872215] 
050 0 0 |a BS2795.3  |b .P46 1986 
082 0 |a 227/.9206  |2 19 
245 0 0 |a Perspectives on First Peter /  |c edited by Charles H. Talbert. 
264 1 |a Macon, Ga. :  |b Mercer University Press,  |c [1986] 
264 4 |c ©1986 
300 |a 151 pages ;  |c 26 cm. 
336 |a text  |b txt  |2 rdacontent 
337 |a unmediated  |b n  |2 rdamedia 
338 |a volume  |b nc  |2 rdacarrier 
490 1 |a NABPR special studies series ;  |v no. 9 
504 |a Bibliography: pages 18-36. 
630 0 0 |a Bible.  |p Peter, 1st  |x Criticism, interpretation, etc. 
700 1 |a Talbert, Charles H. 
830 0 |a NABPR special studies series ;  |v no. 9. 
999 |a MARS 
999 f f |s 27e5136a-1862-34f3-a7c6-e0abe7d16795  |i f745e57e-1731-367e-b360-65274bbbd9c3  |t 0 
952 f f |p ric  |a Texas A&M University  |b Rellis Campus  |c Joint Library Facility  |d Remote Storage  |t 0  |e BS2795.3 .P46 1986  |h Library of Congress classification  |i unmediated -- volume  |m A14809872215 
998 f f |a BS2795.3 .P46 1986  |t 0  |l Remote Storage